| 000 | 00352nam a22001457a 4500 | ||
|---|---|---|---|
| 082 |
_aM301 _bMAD/K |
||
| 100 | _aMadhupal | ||
| 245 |
_aKadal oru nadiyude kathayanu/ _cby Madhupal |
||
| 260 |
_aKollam: _bSankeerthanam, _c2008. |
||
| 300 | _a77p. | ||
| 650 | _aStories Malayalam | ||
| 650 | _aLiterature Malayalam | ||
| 650 | _aLiterature | ||
| 942 | _cBK | ||
| 999 |
_c67813 _d67813 |
||